Online
Catalog
Normal view MARC view

Entry Término temático

Number of records used in: 13

001 - NÚMERO DE CONTROL

  • campo de control: 1087

003 - IDENTIFICADOR DEL NÚMERO DE CONTROL

  • campo de control: BNPHU

005 - FECHA Y HORA DE LA ÚLTIMA TRANSACCIÓN

  • campo de control: 20260115123654.0

008 - DATOS DE LONGITUD FIJA

  • campo de control de longitud fija: 200615|| aca||aabn | a|a d

010 ## - NÚMERO DE CONTROL DE LA BIBLIOTECA DEL CONGRESO

  • Número de control de LC: sh 85124083

040 ## - FUENTE DE LA CATALOGACIÓN

  • Centro catalogador/agencia de origen: DO-SdBNP
  • Lengua de catalogación: spa
  • Centro/agencia transcriptor: BNPHU
  • Centro/agencia modificador: rda

150 ## - ENCABEZAMIENTO--TÉRMINO DE MATERIA

  • Término de materia o nombre geográfico como elemento de entrada: Valores sociales

550 ## - TRAZADO VÉASE ADEMÁS--TÉRMINO DE MATERIA

  • Término de materia o nombre geográfico como elemento de entrada: Valores (Filosofía)
  • Subcampo de control: g

550 ## - TRAZADO VÉASE ADEMÁS--TÉRMINO DE MATERIA

  • Término de materia o nombre geográfico como elemento de entrada: Valores del grupo (Sociología)
  • Subcampo de control: h

670 ## - FUENTE DE DATOS ENCONTRADOS

  • Cita de la fuente: Work cat.: (OSt)320: Concurso Leyes de vida (2001 : Santo Domingo, República Dominicana) 1085, Jóvenes revelan su opinión acerca de los valores y principios éticos que consideran más importantes., 2002.

670 ## - FUENTE DE DATOS ENCONTRADOS

  • Identificador Uniforme del Recurso: https://librunam.dgb.unam.mx:8443/F/H2DDFXNGCPCECV31EIPVGEBFIKT7DNQ9RVD7AY15F5YIA31QJC-33705?func=full-set-set&set_number=004361&set_entry=000001&format=001 Consultado en 15 de Enero, 2026

750 ## - ENTRADA DE ENLACE DE ENCABEZAMIENTO ESTABLECIDO--TÉRMINO DE MATERIA

  • Término de materia o nombre geográfico como elemento de entrada: Social values
  • Número de control del registro de autoridad o número normalizado: sh 85124083

Powered by Koha